|
|
|
|
| LEADER |
00725nam a2200205 a 4500 |
| 001 |
c000088194 |
| 003 |
CARM |
| 005 |
00000000000000.0 |
| 008 |
930108s1967 enk 00011 eng d |
| 019 |
1 |
|
|a 9723993
|5 LACONCORD2021
|
| 035 |
|
|
|a (OCoLC)30282574
|5 LACONCORD2021
|
| 040 |
|
|
|a VLINC
|c VLINC
|
| 100 |
1 |
|
|a Burns, Sheila,
|d 1895-1984.
|
| 245 |
1 |
0 |
|a Romantic cottage hospital /
|c by Sheila Burns.
|
| 260 |
|
|
|a London :
|b Hale,
|c 1967.
|
| 300 |
|
|
|a 190 p. ;
|c 19 cm.
|
| 852 |
8 |
|
|b CARM
|h A2:AG36G0
|i A01558
|p 0128815
|f BK
|
| 082 |
0 |
4 |
|a 823.914
|2 20
|
| 999 |
f |
f |
|i 02085d43-9b84-5ca4-8126-ad1a6a6bd6f6
|s 22b07560-f57e-54c9-a992-6609e06a35fa
|
| 952 |
f |
f |
|p Can circulate
|a CAVAL
|b CAVAL
|c CAVAL
|d CARM 1 Store
|e A01558
|f A2:AG36G0
|h Other scheme
|i book
|m 0128815
|